| 000 | 00962nam a22003137a 4500 | ||
|---|---|---|---|
| 003 | CHAP | ||
| 005 | 20220329134407.0 | ||
| 008 | 971013s r 00010 d | ||
| 010 | _a19870 | ||
| 011 | _a20842 | ||
| 035 | _a24931 | ||
| 040 | _cCHAP | ||
| 090 | _aFolleto 8496 | ||
| 110 |
_aANDSA. México _95733 |
||
| 245 | _aMuestreo y análisis de granos | ||
| 260 |
_a(México, D.F.), _c(s.a.) |
||
| 300 |
_a45 p. _b: ilus |
||
| 590 |
_aBATCH-UPD _b10 _c20130110 _lUCH01 _h0838 |
||
| 590 |
_aBATCH-UPD _b10 _c20130410 _lUCH01 _h0517 |
||
| 590 |
_aBATCH-UPD _b10 _c20130914 _lUCH01 _h2018 |
||
| 590 |
_aCONVERSION _b10 _c20130109 _lUCH01 _h1312 |
||
| 650 | 1 | 4 |
_aSemillas _xAlmacenamiento. _9103875 |
| 650 | 1 | 4 |
_aSemillas _xAnálisis. _9103878 |
| 650 | 1 | 4 |
_aSemillas _xCertificación. _9103883 |
| 901 | _aBK | ||
| 942 | _cFOLL | ||
| 949 |
_aFolleto 8496 _bBC _cFOLL _d-57515 _eTS1 _i24931 _sb |
||
| 949 |
_aFolleto 8496 _bBC _cFOLL _d24931 _eTS2 _fc.2 _gDonaciØn _i24931 _si |
||
| 999 |
_c19870 _d19870 |
||